000
00306nam a2200121Ia 4500
008
190216s9999||||xx |||||||||||||| ||und||
100
_a
Quiller Couch A T
245
4
_a
The Kings Treasuries Of Literature
260
_b
J M Dent &sons Ltd
_c
1951
300
_a
254p
650
_a
English Stories
942
_c
BK
999
_c
11643
_d
11643